[Event "Stuttgart-chB int"]
[Site "Ditzingen"]
[Date "2016.05.07"]
[Round "6"]
[White "Ellinger, Harald"]
[Black "Holschke, Christian"]
[Result "1/2-1/2"]
[WhiteElo "1854"]
[BlackElo "1723"]
[PlyCount "60"]
[EventDate "2016.05.05"]
[EventType "swiss"]
[EventRounds "7"]
[EventCountry "GER"]
[SourceTitle "EXT 2018"]
[Source "ChessBase"]
[SourceDate "2017.10.13"]
[SourceVersion "1"]
[SourceVersionDate "2017.10.13"]
[SourceQuality "1"]

1. Nf3 f5 2. d4 Nf6 3. g3 g6 4. Bg2 Bg7 5. 0-0 0-0 6. c4 d6 7. Nc3 Qe8 8. Bg5 c6 9. Bxf6 Bxf6 10. Rc1 Nd7 11. b4 e5 12. e3 e4 13. Nd2 Qf7 14. a4 b6 15. Nb3 Rd8 16. b5 c5 17. Nd5 Bg7 18. f3 exf3 19. Bxf3 Rb8 20. a5 Nf6 21. axb6 axb6 22. Nf4 Bb7 23. d5 Bc8 24. Nd2 Qe7 25. Re1 Ne4 26. Nxe4 fxe4 27. Bg4 Ra8 28. Bxc8 Rdxc8 29. Ne6 Qf6 30. Nxg7 Ra7 1/2-1/2

[Event "Stuttgart-chB op"]
[Site "Ditzingen"]
[Date "2015.05.16"]
[Round "5"]
[White "Hartmann, Christian1111"]
[Black "Ellinger, Harald"]
[Result "1/2-1/2"]
[WhiteElo "1744"]
[BlackElo "1854"]
[PlyCount "53"]
[EventDate "2015.05.17"]
[EventType "swiss"]
[EventRounds "7"]
[EventCountry "GER"]
[SourceTitle "EXT 2018"]
[Source "ChessBase"]
[SourceDate "2017.10.13"]
[SourceVersion "1"]
[SourceVersionDate "2017.10.13"]
[SourceQuality "1"]

1. e4 c5 2. Nf3 d6 3. d4 cxd4 4. Nxd4 Nf6 5. Nc3 a6 6. f3 Nc6 7. Nb3 Bd7 8. Be3 g6 9. a4 Bg7 10. Qd2 0-0 11. h4 h5 12. Be2 Be6 13. Nd4 Nxd4 14. Bxd4 Rc8 15. a5 Bc4 16. Ra4 Bxe2 17. Kxe2 Qd7 18. Rb4 Rc6 19. Rc1 Kh7 20. Qd3 Bh6 21. Be3 Bxe3 22. Kxe3 Qc7 23. Nd5 Nxd5+ 24. Qxd5 e6 25. Qd2 Rd8 26. Rd4 Rc8 27. c4 1/2-1/2

[Event "Stuttgart-chB int"]
[Site "Ditzingen"]
[Date "2014.05.31"]
[Round "6"]
[White "Tsybulevsky, Juri"]
[Black "Ellinger, Harald"]
[Result "0-1"]
[WhiteElo "1676"]
[BlackElo "1854"]
[PlyCount "60"]
[EventDate "2014.05.29"]
[EventType "swiss"]
[EventRounds "7"]
[EventCountry "GER"]
[SourceTitle "EXT 2015"]
[Source "ChessBase"]
[SourceDate "2014.11.20"]
[SourceVersion "1"]
[SourceVersionDate "2014.11.20"]
[SourceQuality "1"]

1. d4 d5 2. c4 e6 3. Nf3 Nf6 4. Nc3 c6 5. e3 Bd6 6. a3 Nbd7 7. Bd3 0-0 8. 0-0 e5 9. dxe5 Nxe5 10. Nxe5 Bxe5 11. f4 Bxc3 12. bxc3 Bg4 13. Qc2 dxc4 14. Bxc4 Qe7 15. a4 Rfe8 16. Re1 Ne4 17. Ba3 Qh4 18. Bd3 Bf5 19. Bxe4 Bxe4 20. Qf2 Qf6 21. Bb2 Rad8 22. Rad1 Qg6 23. Qg3 Qxg3 24. hxg3 Bc2 25. Rxd8 Rxd8 26. a5 f5 27. Re2 Be4 28. c4 Rd1+ 29. Kf2 Bd3 30. Re1 Rd2+ 0-1

[Event "Stuttgart-chB int"]
[Site "Ditzingen"]
[Date "2014.05.30"]
[Round "4"]
[White "Mayer, Markus"]
[Black "Ellinger, Harald"]
[Result "1/2-1/2"]
[WhiteElo "1631"]
[BlackElo "1854"]
[PlyCount "114"]
[EventDate "2014.05.29"]
[EventType "swiss"]
[EventRounds "7"]
[EventCountry "GER"]
[SourceTitle "EXT 2015"]
[Source "ChessBase"]
[SourceDate "2014.11.20"]
[SourceVersion "1"]
[SourceVersionDate "2014.11.20"]
[SourceQuality "1"]

1. d4 d5 2. c4 e6 3. Nc3 Nf6 4. Bg5 Be7 5. e3 c6 6. Nf3 Nbd7 7. Be2 0-0 8. Qc2 Re8 9. 0-0 Nf8 10. cxd5 exd5 11. Ne5 N6d7 12. Bxe7 Qxe7 13. Nxd7 Bxd7 14. Bd3 h5 15. Bf5 Rad8 16. Rac1 h4 17. Bxd7 Rxd7 18. h3 Rd6 19. Rce1 Re6 20. Re2 Nh7 21. Rfe1 Ng5 22. Kh1 Ne4 23. Nxe4 dxe4 24. Rc1 Qg5 25. Qc5 Rg6 26. Qxg5 Rxg5 27. Rec2 Rd8 28. f4 exf3 29. gxf3 Rg3 30. Rf2 Rxh3+ 31. Kg2 Rg3+ 32. Kh2 Rd5 33. Rg1 Rdg5 34. Rfg2 Rxg2+ 35. Rxg2 Rxg2+ 36. Kxg2 f6 37. Kh3 g5 38. f4 Kf7 39. f5 Ke7 40. b4 Kd6 41. e4 b6 42. Kg4 c5 43. bxc5+ bxc5 44. dxc5+ Kxc5 45. e5 fxe5 46. f6 Kd6 47. Kxg5 h3 48. f7 Ke7 49. Kg6 h2 50. Kg7 h1Q 51. f8Q+ Kd7 52. Qf7+ Kd6 53. Qf6+ Kd5 54. Qd8+ Kc4 55. Qc7+ Kd3 56. Qd6+ Kc2 57. Qc5+ Kb1 1/2-1/2

[Event "Stuttgart-chB int"]
[Site "Ditzingen"]
[Date "2014.05.29"]
[Round "1"]
[White "Ellinger, Harald"]
[Black "Mejerski, Stephan"]
[Result "1/2-1/2"]
[WhiteElo "1854"]
[BlackElo "1672"]
[PlyCount "108"]
[EventDate "2014.05.29"]
[EventType "swiss"]
[EventRounds "7"]
[EventCountry "GER"]
[SourceTitle "EXT 2015"]
[Source "ChessBase"]
[SourceDate "2014.11.20"]
[SourceVersion "1"]
[SourceVersionDate "2014.11.20"]
[SourceQuality "1"]

1. Nf3 c5 2. e4 Nc6 3. d4 cxd4 4. Nxd4 d6 5. Nc3 Bd7 6. Be3 Nf6 7. Qd2 Ng4 8. Bg5 Qb6 9. Nb3 Be6 10. h3 Nge5 11. Be3 Qd8 12. Nd5 Nd7 13. 0-0-0 Nf6 14. f3 Bd7 15. Kb1 e5 16. Bg5 Be6 17. Bxf6 gxf6 18. g4 h6 19. Be2 a6 20. Rhf1 Na7 21. f4 Bxd5 22. Qxd5 Qc7 23. fxe5 fxe5 24. Rf3 Rc8 25. c3 Rh7 26. Rdf1 Nc6 27. Qd2 Nd8 28. h4 Ne6 29. Nc1 Be7 30. Rh1 Nf4 31. Nd3 Ne6 32. Qe1 Qb6 33. Qf2 Qxf2 34. Rxf2 f6 35. Nb4 Nf4 36. Nd5 Nxd5 37. exd5 Rc5 38. c4 b5 39. b3 bxc4 40. Bxc4 a5 41. a4 Rg7 42. Rg1 Bd8 43. Rf5 Rb7 44. Kc2 Rcc7 45. Kd3 Rh7 46. Rg3 Rh8 47. Rh5 Rg7 48. Ke4 Kf7 49. Kf5 Rg6 50. Be2 Bb6 51. Rc3 Bc5 52. Rg3 Rb8 53. Bc4 Rbg8 54. Be2 Rb8 1/2-1/2

[Event "Stuttgart-chB int"]
[Site "Ditzingen"]
[Date "2009.05.21"]
[Round "1"]
[White "Ellinger, Harald"]
[Black "Klett, Hartmut"]
[Result "1-0"]
[WhiteElo "1854"]
[BlackElo "1638"]
[PlyCount "103"]
[EventDate "2009.05.21"]
[EventType "swiss"]
[EventRounds "7"]
[EventCountry "GER"]
[SourceTitle "EXT 2018"]
[Source "ChessBase"]
[SourceDate "2017.10.13"]
[SourceVersion "1"]
[SourceVersionDate "2017.10.13"]
[SourceQuality "1"]

1. Nf3 Nf6 2. d4 d5 3. c4 e6 4. Nc3 c6 5. e3 Bd6 6. Bd2 Nbd7 7. Rc1 0-0 8. cxd5 exd5 9. Bd3 Re8 10. Qc2 Qe7 11. 0-0 Ne4 12. Ne1 Ndf6 13. Be2 Bf5 14. Qd1 Bc7 15. Nxe4 Nxe4 16. Bf3 Qh4 17. g3 Qf6 18. Bg2 Re6 19. Bc3 Rae8 20. Nd3 Qh6 21. Nc5 Nxc5 22. dxc5 Be4 23. Qa4 a6 24. Qb4 Rb8 25. Bd4 Bxg2 26. Kxg2 Qg6 27. Qc3 h5 28. Qc2 Qxc2 29. Rxc2 g6 30. Rd1 Kf8 31. Rd3 Ke7 32. f4 f5 33. Ra3 Kd7 34. Kf3 Kc8 35. h3 Re8 36. Rg2 Kd7 37. g4 hxg4+ 38. hxg4 Re4 39. gxf5 gxf5 40. Rg7+ Kc8 41. Rg8+ Kd7 42. Rg7+ Kc8 43. Rd3 Re6 44. Rf7 Rh6 45. Rxf5 Rh7 46. Rf8+ Kd7 47. Rxb8 Bxb8 48. Rd2 Ke6 49. Rg2 Kf5 50. Rg5+ Ke6 51. Rg6+ Kf5 52. Rf6# 1-0

[Event "Stuttgart-chB int"]
[Site "Ditzingen"]
[Date "2008.05.02"]
[Round "4"]
[White "Hartmann, Christian1111"]
[Black "Ellinger, Harald"]
[Result "1-0"]
[WhiteElo "1543"]
[BlackElo "1854"]
[PlyCount "151"]
[EventDate "2008.05.01"]
[EventType "swiss"]
[EventRounds "7"]
[EventCountry "GER"]
[SourceTitle "EXT 2018"]
[Source "ChessBase"]
[SourceDate "2017.10.13"]
[SourceVersion "1"]
[SourceVersionDate "2017.10.13"]
[SourceQuality "1"]

1. d4 d5 2. Bf4 e6 3. e3 Nf6 4. Bd3 Bd6 5. Ne2 0-0 6. Nd2 Bxf4 7. Nxf4 Nbd7 8. Nf3 c5 9. c3 Qc7 10. Rc1 e5 11. dxe5 Nxe5 12. Bb1 Nxf3+ 13. gxf3 Be6 14. h4 Rad8 15. h5 Rfe8 16. Nxe6 Rxe6 17. Qa4 Qb6 18. Qc2 Qd6 19. Rd1 Qc7 20. Kf1 b6 21. Qd3 Red6 22. Qf5 Qd7 23. Qc2 h6 24. Kg2 Kf8 25. Rdg1 Qe6 26. Rh3 d4 27. cxd4 cxd4 28. e4 d3 29. Qd2 Qe5 30. Rgh1 Rd4 31. a3 Qa5 32. Rd1 Qxd2 33. Rxd2 Ke7 34. Rh1 Ne8 35. Re1 Nf6 36. Rh1 Ke6 37. Kg3 Ke5 38. Rh4 Ke6 39. Rh1 Ke7 40. Kf4 Nd5+ 41. Ke5 Nc7 42. Kf4 Ne6+ 43. Ke3 Nc5 44. b4 Nb3 45. Rxd3 Rxd3+ 46. Bxd3 Nd4 47. Rc1 Nxf3 48. Rc7+ Kf6 49. Rxa7 Ne5 50. Be2 Rd6 51. b5 g5 52. hxg6 Nxg6 53. f4 Rd8 54. Rb7 Rh8 55. Rxb6+ Kg7 56. Bh5 Rc8 57. f5 Ne5 58. Kd4 Nd7 59. Rd6 Nf6 60. Bf3 Ra8 61. e5 Ra4+ 62. Kc5 Ne4+ 63. Bxe4 Rxe4 64. Kd5 Re3 65. a4 h5 66. e6 Rd3+ 67. Kc6 Rc3+ 68. Kd7 fxe6 69. fxe6 Re3 70. e7 Kf7 71. b6 Rxe7+ 72. Kc6 h4 73. b7 Re8 74. Kc7 Re7+ 75. Rd7 h3 76. b8Q 1-0

[Event "Stuttgart-chB int"]
[Site "Ditzingen"]
[Date "2008.05.01"]
[Round "2"]
[White "Maisch, Julian"]
[Black "Ellinger, Harald"]
[Result "1-0"]
[WhiteElo "1574"]
[BlackElo "1854"]
[PlyCount "67"]
[EventDate "2008.05.01"]
[EventType "swiss"]
[EventRounds "7"]
[EventCountry "GER"]
[SourceTitle "EXT 2018"]
[Source "ChessBase"]
[SourceDate "2017.10.13"]
[SourceVersion "1"]
[SourceVersionDate "2017.10.13"]
[SourceQuality "1"]

1. e4 c5 2. Nf3 d6 3. d4 cxd4 4. Nxd4 Nf6 5. Nc3 g6 6. Be3 Nc6 7. Bb5 Bd7 8. f3 Bg7 9. Qd2 0-0 10. Nxc6 Bxc6 11. Bxc6 bxc6 12. Ne2 Qc7 13. g4 Rfb8 14. c3 Rb7 15. h4 Rab8 16. b3 h5 17. gxh5 Nxh5 18. Kf2 Qa5 19. Nd4 Qc7 20. Rag1 c5 21. Nf5 Bf6 22. Bh6 e6 23. Ng3 Nxg3 24. Rxg3 Qa5 25. f4 Bg7 26. Bxg7 Kxg7 27. h5 Rh8 28. f5 exf5 29. exf5 Qd8 30. h6+ Kh7 31. Qd3 Qf6 32. Qf3 Qxf5 33. Qxf5 gxf5 34. Rg7# 1-0

[Event "Stuttgart-chA"]
[Site "Stuttgart"]
[Date "2003.??.??"]
[Round "?"]
[White "Behm, Simon"]
[Black "Ellinger, Harald"]
[Result "1/2-1/2"]
[WhiteElo "2000"]
[BlackElo "1705"]
[PlyCount "58"]
[EventDate "2003.??.??"]
[EventType "swiss"]
[EventRounds "9"]
[EventCountry "GER"]
[SourceTitle "EXT 2007"]
[Source "ChessBase"]
[SourceDate "2006.11.23"]
[SourceVersion "1"]
[SourceVersionDate "2006.11.23"]
[SourceQuality "1"]

1. d4 d5 2. c4 e6 3. Nc3 Nf6 4. Nf3 c6 5. Bf4 Be7 6. e3 Nbd7 7. h3 0-0 8. Qc2 Re8 9. Rd1 Qa5 10. a3 Nf8 11. Bd3 dxc4 12. Bxc4 Nd5 13. Bg3 Nxc3 14. bxc3 Qxa3 15. 0-0 Qa5 16. e4 b5 17. Ba2 Bb7 18. c4 Rac8 19. Bb3 Qd8 20. Qa2 a6 21. d5 cxd5 22. cxd5 exd5 23. Nd4 g6 24. exd5 Bd6 25. Nc6 Qd7 26. Na5 Ba8 27. Nc6 Bb7 28. Na5 Ba8 29. Nc6 Bb7 1/2-1/2

[Event "Stuttgart-chA"]
[Site "Stuttgart"]
[Date "2003.??.??"]
[Round "?"]
[White "Ellinger, Harald"]
[Black "Gorse, Gerard"]
[Result "0-1"]
[WhiteElo "1705"]
[BlackElo "2025"]
[PlyCount "88"]
[EventDate "2003.??.??"]
[EventType "swiss"]
[EventRounds "9"]
[EventCountry "GER"]
[SourceTitle "EXT 2007"]
[Source "ChessBase"]
[SourceDate "2006.11.23"]
[SourceVersion "1"]
[SourceVersionDate "2006.11.23"]
[SourceQuality "1"]

1. Nf3 c5 2. c4 Nf6 3. Nc3 Nc6 4. e4 e6 5. d3 Be7 6. h3 d6 7. Be2 a6 8. 0-0 Rb8 9. a4 b6 10. Bg5 h6 11. Bh4 0-0 12. d4 cxd4 13. Nxd4 Bb7 14. f3 Nxd4 15. Qxd4 d5 16. Bxf6 Bxf6 17. Qd3 dxe4 18. fxe4 Qxd3 19. Bxd3 Rfd8 20. Rad1 Rd6 21. Rfe1 Be5 22. Bc2 Rbd8 23. Rxd6 Rxd6 24. Rd1 Rxd1+ 25. Nxd1 a5 26. Kf2 Kf8 27. Ke3 Ke7 28. b3 Kd6 29. Nf2 Bh2 30. Ke2 Bg1 31. Kf1 Bh2 32. Ke2 h5 33. g4 hxg4 34. hxg4 Ke5 35. b4 axb4 36. Nd3+ Kd4 37. Nxb4 Kxc4 38. Nd3 Kc3 39. Ne1 Bg3 40. Bb1 Bxe1 41. Kxe1 Bc6 42. g5 Bxa4 43. e5 Kd4 44. g6 fxg6 0-1

[Event "Stuttgart-chA"]
[Site "Stuttgart"]
[Date "2003.??.??"]
[Round "?"]
[White "Kulovic, Edmir"]
[Black "Ellinger, Harald"]
[Result "1-0"]
[WhiteElo "1935"]
[BlackElo "1705"]
[PlyCount "135"]
[EventDate "2003.??.??"]
[EventType "swiss"]
[EventRounds "9"]
[EventCountry "GER"]
[SourceTitle "EXT 2007"]
[Source "ChessBase"]
[SourceDate "2006.11.23"]
[SourceVersion "1"]
[SourceVersionDate "2006.11.23"]
[SourceQuality "1"]

1. e4 c5 2. Nf3 d6 3. d4 cxd4 4. Nxd4 Nf6 5. Nc3 g6 6. Bc4 Bg7 7. 0-0 0-0 8. Be3 Nc6 9. Bb3 Bd7 10. Qd2 a6 11. f3 Rc8 12. Nxc6 Bxc6 13. Bh6 Qc7 14. Bxg7 Kxg7 15. Ne2 Qb6+ 16. Kh1 Bb5 17. a4 Bc4 18. Bxc4 Rxc4 19. c3 Rfc8 20. Nd4 Qa5 21. Nb3 Qc7 22. Qf2 e5 23. Rfd1 Ne8 24. Nd2 Rc6 25. Nf1 Qb6 26. Qe2 Nf6 27. Ne3 Rc5 28. Rd2 R8c6 29. g4 h6 30. h4 Qd8 31. Qf2 Ne8 32. Nd5 a5 33. Rad1 Nf6 34. Ne3 Ne8 35. Kg2 Nc7 36. Nd5 Nxd5 37. Rxd5 Rxd5 38. Rxd5 Qc7 39. Qd2 Qe7 40. Kg3 b6 41. Qd3 Qc7 42. g5 h5 43. f4 exf4+ 44. Kxf4 Kg8 45. Qf3 Rc5 46. Ke3 Rxd5 47. exd5 Qc5+ 48. Kd3 Kg7 49. Qf6+ Kg8 50. Qd4 Qxd4+ 51. Kxd4 Kg7 52. Ke4 f6 53. gxf6+ Kxf6 54. Kf4 g5+ 55. hxg5+ Kg6 56. c4 h4 57. Kg4 h3 58. Kxh3 Kxg5 59. Kg3 Kf5 60. Kf3 Ke5 61. Ke3 Kf5 62. Kd3 Ke5 63. Kc3 Ke4 64. b4 axb4+ 65. Kxb4 Kd4 66. Kb5 Kc3 67. Kxb6 Kxc4 68. Kc6 1-0